000 00459nam a2200193 a 4500
001 11605
003 CO-ViMGA
008 141112s2004 ck r 000 u spa d
020 _a980010643X
040 _aCO-ViMGA
_bspa
_cCO-ViMGA
082 0 4 _aV861.6 L47n2
100 1 _aLiscano, Juan
_916167
245 1 0 _aNuevo mundo orinoco
250 _a1
300 _a219 p.
490 _aColección el dorado
650 1 4 _aPOESIA VENEZOLANA
_950942
942 _2ddc
_cBK
999 _c22794
_d22794